[Event "Canadian op"]
[Site "Laval"]
[Date "2024.07.15"]
[Round "4"]
[White "Chertkow, Matthew"]
[Black "Bouchard, Jean Marc"]
[Result "0-1"]
[WhiteElo "1694"]
[BlackElo "1849"]
[PlyCount "91"]
[EventDate "2024.07.13"]
[EventType "swiss"]
[EventRounds "9"]
[EventCountry "CAN"]
[SourceTitle "EXT 2025"]
[Source "ChessBase"]
[SourceDate "2024.10.14"]
[SourceVersion "1"]
[SourceVersionDate "2024.10.14"]
[SourceQuality "1"]

1. e4 e6 2. d4 d5 3. exd5 exd5 4. c4 Nf6 5. Nc3 Be7 6. Nf3 c6 7. Be2 dxc4 8. Bxc4 0-0 9. 0-0 Bg4 10. Be2 Nbd7 11. Be3 Nb6 12. Ne5 Bxe2 13. Qxe2 Nbd5 14. Rfd1 Qa5 15. Bd2 Qc7 16. Rac1 Rad8 17. Bg5 h6 18. Bh4 Rfe8 19. Bg3 Qc8 20. Qf3 Qe6 21. Re1 a6 22. a3 Nxc3 23. bxc3 Bxa3 24. Rb1 Qc8 25. Rb3 Bf8 26. Reb1 Re7 27. Bh4 Rd6 28. Rb6 Rde6 29. h3 g5 30. Bg3 Nd7 31. Nxd7 Rxd7 32. Rxa6 bxa6 33. Rb8 Qxb8 34. Bxb8 a5 35. Qf5 a4 36. Qc2 a3 37. Qa2 Rb7 38. Be5 Rb2 39. Qa1 f6 40. c4 fxe5 41. c5 exd4 42. Qxa3 Rbe2 43. g3 R6e5 44. f4 Re1+ 45. Kf2 R5e2+ 46. Kf3 0-1

[Event "Laval op"]
[Site "Laval"]
[Date "2024.06.23"]
[Round "5"]
[White "Yang, Jing Yao"]
[Black "Bouchard, Jean Marc"]
[Result "1-0"]
[WhiteElo "1738"]
[BlackElo "1892"]
[PlyCount "85"]
[EventDate "2024.06.21"]
[EventType "swiss"]
[EventRounds "5"]
[EventCountry "CAN"]
[SourceTitle "CBM 221 Extra"]
[Source "ChessBase"]
[SourceDate "2024.09.30"]
[SourceVersion "1"]
[SourceVersionDate "2024.09.30"]
[SourceQuality "1"]

1. e4 e6 2. d4 d5 3. Nc3 Nf6 4. Bg5 Be7 5. e5 Nfd7 6. Bxe7 Qxe7 7. f4 a6 8. Qg4 g6 9. Nf3 b6 10. Qh3 Nc6 11. 0-0-0 Bb7 12. g4 0-0-0 13. Be2 h5 14. gxh5 Rxh5 15. Qf1 Ndb8 16. h4 Rdh8 17. Qf2 Qf8 18. Rh2 Ne7 19. Rdh1 Nf5 20. Ng5 R5h6 21. h5 Qe8 22. Bg4 Nc6 23. Ne2 Kb8 24. c3 Bc8 25. Ng3 Nce7 26. Nxf5 gxf5 27. Be2 Ng8 28. Nf3 f6 29. Nh4 R8h7 30. Rg1 fxe5 31. fxe5 Ne7 32. Rhg2 Qf7 33. Qf4 Ka7 34. Ng6 Nc6 35. Qh4 Bd7 36. Nf4 Be8 37. Rg6 Qf8 38. Rg8 Qf7 39. R8g6 Bd7 40. Qf6 Qxf6 41. exf6 Nd8 42. Rxh6 Rxh6 43. Rg7 1-0

[Event "Laval op"]
[Site "Laval"]
[Date "2024.06.22"]
[Round "3"]
[White "Bouchard, Jean Marc"]
[Black "Jiang, Barron Jiyu"]
[Result "0-1"]
[WhiteElo "1892"]
[BlackElo "1968"]
[PlyCount "58"]
[EventDate "2024.06.21"]
[EventType "swiss"]
[EventRounds "5"]
[EventCountry "CAN"]
[SourceTitle "CBM 221 Extra"]
[Source "ChessBase"]
[SourceDate "2024.09.30"]
[SourceVersion "1"]
[SourceVersionDate "2024.09.30"]
[SourceQuality "1"]

1. e4 c5 2. Nf3 d6 3. d4 cxd4 4. Nxd4 Nf6 5. Nc3 a6 6. Bg5 e6 7. Qf3 Be7 8. 0-0-0 Qc7 9. h4 Nc6 10. Nxc6 bxc6 11. h5 h6 12. Bh4 e5 13. Qd3 Rb8 14. Qc4 Qb6 15. Na4 Qb4 16. f3 d5 17. exd5 cxd5 18. Qxb4 Rxb4 19. Bxf6 gxf6 20. Nc3 d4 21. Nd5 Rb8 22. Nxe7 Kxe7 23. Bc4 Bb7 24. Rd3 Rbc8 25. b3 Rhg8 26. g4 Rxg4 27. fxg4 Bxh1 28. Bxa6 Ra8 29. Bc4 Be4 0-1

[Event "Laval op"]
[Site "Laval"]
[Date "2024.06.22"]
[Round "2"]
[White "Robichaud, Louis"]
[Black "Bouchard, Jean Marc"]
[Result "1-0"]
[WhiteElo "2044"]
[BlackElo "1892"]
[PlyCount "83"]
[EventDate "2024.06.21"]
[EventType "swiss"]
[EventRounds "5"]
[EventCountry "CAN"]
[SourceTitle "CBM 221 Extra"]
[Source "ChessBase"]
[SourceDate "2024.09.30"]
[SourceVersion "1"]
[SourceVersionDate "2024.09.30"]
[SourceQuality "1"]

1. e4 e6 2. d3 d5 3. Qe2 Be7 4. g3 Nf6 5. Bg2 c5 6. Nf3 b6 7. 0-0 dxe4 8. dxe4 Ba6 9. c4 Bb7 10. Rd1 Qc8 11. Nc3 0-0 12. e5 Nfd7 13. Nb5 Nc6 14. b3 Rd8 15. Bb2 Nf8 16. Nd6 Bxd6 17. exd6 Rd7 18. Rd2 f6 19. h4 Nd8 20. h5 Nf7 21. Rad1 Qc6 22. Nh4 Qc8 23. Nf3 Qc6 24. Ne1 Qc8 25. f4 Bxg2 26. Qxg2 Qb7 27. Nf3 Rad8 28. g4 Qc6 29. g5 fxg5 30. Be5 Nxd6 31. Nxg5 Qxg2+ 32. Kxg2 Nf5 33. Rxd7 Rxd7 34. Rxd7 Nxd7 35. Nxe6 h6 36. Kf3 Kf7 37. Nd8+ Ke7 38. Nc6+ Ke6 39. Nxa7 Nxe5+ 40. fxe5 Kd7 41. Kf4 Nd4 42. Nb5 1-0

[Event "Quebec op"]
[Site "Montreal"]
[Date "2023.08.02"]
[Round "6"]
[White "Saha, Ananda"]
[Black "Bouchard, Jean Marc"]
[Result "1-0"]
[WhiteElo "1984"]
[BlackElo "1850"]
[PlyCount "47"]
[EventDate "2023.07.29"]
[EventType "swiss"]
[EventRounds "9"]
[EventCountry "CAN"]
[SourceTitle "CBM 215 Extra"]
[Source "ChessBase"]
[SourceDate "2023.09.30"]
[SourceVersion "1"]
[SourceVersionDate "2023.09.30"]
[SourceQuality "1"]

1. d4 e6 2. c4 d5 3. Nc3 f5 4. Bf4 c6 5. e3 Nf6 6. Nf3 Bd6 7. Bd3 Qe7 8. Qc2 Ne4 9. c5 Bc7 10. b4 Nxc3 11. Qxc3 a6 12. 0-0 0-0 13. a4 Qd8 14. b5 axb5 15. axb5 Rxa1 16. Rxa1 Nd7 17. bxc6 bxc6 18. Ra7 Bb8 19. Bxb8 Nxb8 20. Ne5 Bd7 21. Qb2 Qc8 22. Ra8 Qc7 23. Qb6 Qxb6 24. cxb6 1-0

[Event "Quebec op"]
[Site "Longueuil"]
[Date "2019.07.21"]
[Round "3"]
[White "Bouchard, Jean Marc"]
[Black "Robichaud, Louis"]
[Result "0-1"]
[WhiteElo "1880"]
[BlackElo "2026"]
[PlyCount "82"]
[EventDate "2019.07.20"]
[EventType "swiss"]
[EventRounds "9"]
[EventCountry "CAN"]
[SourceTitle "CBM 191 Extra"]
[Source "ChessBase"]
[SourceDate "2019.09.30"]
[SourceVersion "1"]
[SourceVersionDate "2019.09.30"]
[SourceQuality "1"]

1. b3 Nf6 2. Bb2 g6 3. Bxf6 exf6 4. d4 f5 5. e3 Bg7 6. Bd3 0-0 7. Ne2 Re8 8. 0-0 b6 9. Nd2 Bb7 10. c3 d6 11. Rc1 Nd7 12. Nf4 Nf6 13. c4 Qe7 14. Nf3 Be4 15. Re1 c6 16. Bf1 Bxf3 17. Qxf3 Ne4 18. Qd1 Bh6 19. g3 Qd7 20. Ng2 Re7 21. f4 Rae8 22. Qd3 Bg7 23. Re2 d5 24. cxd5 Qxd5 25. Rec2 c5 26. dxc5 Qxd3 27. Bxd3 Nxc5 28. Bc4 Rd8 29. Kf1 a5 30. Be2 Red7 31. Ke1 Bf8 32. Rd1 Rxd1+ 33. Bxd1 Nd3+ 34. Ke2 Ba3 35. Kf3 Nb4 36. Ke2 Nxc2 37. Bxc2 Bb4 38. Bd3 Rc8 39. Kd1 Ba3 40. Bc2 Bb4 41. Bd3 Rc3 0-1

[Event "Montreal Pere Noel op"]
[Site "Montreal"]
[Date "2016.12.29"]
[Round "4"]
[White "Lemieux, Serge"]
[Black "Bouchard, Jean Marc"]
[Result "1-0"]
[WhiteElo "1732"]
[BlackElo "1900"]
[PlyCount "71"]
[EventDate "2016.12.26"]
[EventType "swiss"]
[EventRounds "5"]
[EventCountry "CAN"]
[SourceTitle "CBM 176 Extra"]
[Source "ChessBase"]
[SourceDate "2017.03.02"]
[SourceVersion "1"]
[SourceVersionDate "2017.03.02"]
[SourceQuality "1"]

1. d4 d5 2. e3 e6 3. Bd3 f5 4. Nf3 Nf6 5. Nbd2 Bd6 6. 0-0 0-0 7. c4 c6 8. Ne5 b6 9. f4 Bb7 10. Ndf3 Ne4 11. a3 Nd7 12. Bd2 c5 13. Be1 Nxe5 14. fxe5 Be7 15. Rc1 dxc4 16. Bxc4 Bd5 17. Qb3 Rc8 18. Bxd5 Qxd5 19. Qxd5 exd5 20. Nd2 Ng5 21. Nf3 Ne6 22. Bf2 b5 23. Bh4 g5 24. Bf2 a5 25. dxc5 Nxc5 26. Nd4 b4 27. axb4 axb4 28. Be1 Nd3 29. Rxc8 Rxc8 30. Nxf5 Bc5 31. Nh6+ Kg7 32. Ng4 h5 33. Nf6 Bxe3+ 34. Kh1 Kg6 35. Nxd5 Bd4 36. Ne7+ 1-0

[Event "Montreal Pere Noel op"]
[Site "Montreal"]
[Date "2016.12.27"]
[Round "2"]
[White "Zhong, Kevin"]
[Black "Bouchard, Jean Marc"]
[Result "0-1"]
[WhiteElo "1537"]
[BlackElo "1900"]
[PlyCount "122"]
[EventDate "2016.12.26"]
[EventType "swiss"]
[EventRounds "5"]
[EventCountry "CAN"]
[SourceTitle "CBM 176 Extra"]
[Source "ChessBase"]
[SourceDate "2017.03.02"]
[SourceVersion "1"]
[SourceVersionDate "2017.03.02"]
[SourceQuality "1"]

1. e4 e6 2. Nf3 d5 3. e5 c5 4. b4 b6 5. a3 Ne7 6. c3 Qd7 7. d4 cxd4 8. cxd4 Ba6 9. Bxa6 Nxa6 10. 0-0 Ng6 11. Qd3 b5 12. Nc3 Rb8 13. h4 h5 14. g3 Be7 15. Ng5 Bd8 16. Rb1 Ne7 17. a4 Nc7 18. axb5 Nxb5 19. Na4 Nf5 20. Nc5 Qe7 21. Nf3 0-0 22. Bg5 Qe8 23. Bf4 Bb6 24. Kh2 Bxc5 25. dxc5 Qc6 26. Rg1 a5 27. g4 hxg4 28. Rxg4 axb4 29. Rbg1 Qxc5 30. Qf1 Rfc8 31. h5 Kf8 32. Nh4 Nxh4 33. Rxh4 Nd4 34. Qg2 Nf5 35. h6 gxh6 36. Bxh6+ Ke7 37. Rh3 Rg8 38. Bg5+ Kd7 39. Qf3 Rh8 40. Rc1 Qd4 41. Bf4 Rxh3+ 42. Kxh3 Qe4 43. Qxe4 dxe4 44. Rd1+ Kc6 45. Rc1+ Kd5 46. Rd1+ Kc6 47. Rc1+ Kb6 48. Rc4 Kb5 49. Rxe4 Ne7 50. Kg3 Nd5 51. Bc1 Rc8 52. Bb2 Rc2 53. Bd4 b3 54. Re1 Kc4 55. Ba1 b2 56. Bxb2 Rxb2 57. Rc1+ Kd4 58. f4 Ke4 59. Re1+ Kf5 60. Rf1 Rb3+ 61. Kh2 Nxf4 0-1

[Event "Quebec-ch op"]
[Site "Montreal"]
[Date "2016.07.27"]
[Round "6"]
[White "Babb, Jeff"]
[Black "Bouchard, Jean Marc"]
[Result "1/2-1/2"]
[WhiteElo "2096"]
[BlackElo "1866"]
[PlyCount "70"]
[EventDate "2016.07.23"]
[EventType "swiss"]
[EventRounds "8"]
[EventCountry "CAN"]
[SourceTitle "CBM 173 Extra"]
[Source "ChessBase"]
[SourceDate "2016.08.29"]
[SourceVersion "1"]
[SourceVersionDate "2016.08.29"]
[SourceQuality "1"]

1. f4 d5 2. e3 e6 3. Nf3 f5 4. b3 Nf6 5. Bb2 Bd6 6. Be2 0-0 7. 0-0 Qe7 8. Qe1 c6 9. d3 b6 10. h3 Bb7 11. Nbd2 Nbd7 12. Ne5 c5 13. a4 Bc7 14. Qh4 Rae8 15. Ndf3 Nxe5 16. fxe5 Nd7 17. Qxe7 Rxe7 18. d4 g6 19. Bb5 Rc8 20. Ba3 Bd8 21. Bxd7 Rxd7 22. Rac1 Ba6 23. Rfe1 Kf7 24. c3 Rdc7 25. Bb2 Bd3 26. Kf2 h6 27. h4 Be4 28. Rh1 Bxf3 29. gxf3 Be7 30. Ke2 a5 31. Kd3 c4+ 32. bxc4 Rxc4 33. Ra1 Kg7 34. f4 Kf7 35. Ra2 h5 1/2-1/2

[Event "Quebec-ch op"]
[Site "Montreal"]
[Date "2016.07.26"]
[Round "5"]
[White "Bouchard, Jean Marc"]
[Black "Turcotte, Jonathan"]
[Result "0-1"]
[WhiteElo "1866"]
[BlackElo "1975"]
[PlyCount "74"]
[EventDate "2016.07.23"]
[EventType "swiss"]
[EventRounds "8"]
[EventCountry "CAN"]
[SourceTitle "CBM 173 Extra"]
[Source "ChessBase"]
[SourceDate "2016.08.29"]
[SourceVersion "1"]
[SourceVersionDate "2016.08.29"]
[SourceQuality "1"]

1. d4 d5 2. g3 Nf6 3. Nf3 Bf5 4. Bg2 e6 5. Nh4 Be4 6. f3 Bg6 7. Nxg6 hxg6 8. Bg5 c5 9. Bxf6 gxf6 10. e3 cxd4 11. exd4 Qb6 12. b3 Nc6 13. c3 Bg7 14. f4 Rd8 15. Na3 e5 16. Nc2 0-0 17. f5 exd4 18. Nxd4 Rfe8+ 19. Kf2 Re5 20. fxg6 fxg6 21. Qd3 f5 22. Rhd1 Kh7 23. Bf3 Re4 24. Bxe4 dxe4 25. Qe3 Nxd4 26. cxd4 Bxd4 27. Rxd4 Rxd4 28. Ke2 Qb5+ 29. Kf2 Qc5 30. Kg2 Qc2+ 31. Kh3 Rd2 32. Rh1 Qxa2 33. Qg5 Qb2 34. Qh4+ Kg8 35. Qg5 Kf7 36. Qh6 Rd8 37. Qh7+ Qg7 0-1

[Event "Montreal McGill Cup"]
[Site "Montreal"]
[Date "2016.04.29"]
[Round "1"]
[White "Bolduc, Steve"]
[Black "Bouchard, Jean Marc"]
[Result "1-0"]
[WhiteElo "2218"]
[BlackElo "1885"]
[PlyCount "49"]
[EventDate "2016.04.29"]
[EventType "swiss"]
[EventRounds "5"]
[EventCountry "CAN"]
[SourceTitle "CBM 172 Extra"]
[Source "ChessBase"]
[SourceDate "2016.06.21"]
[SourceVersion "1"]
[SourceVersionDate "2016.06.21"]
[SourceQuality "1"]

1. d4 d5 2. c4 e6 3. Nc3 c6 4. e4 dxe4 5. Nxe4 Bb4+ 6. Bd2 Qxd4 7. Bxb4 Qxe4+ 8. Be2 Nd7 9. Qd6 Qxg2 10. Bf3 Qg5 11. Ne2 Qe5 12. Qd2 Ngf6 13. Bd6 Ne4 14. Bxe4 Qxe4 15. Qg5 Nf6 16. 0-0-0 Rg8 17. Nc3 Qf5 18. Qd2 Bd7 19. Rhe1 b6 20. Re5 Qg4 21. b3 Qf3 22. Re3 Qf5 23. Bc7 Rc8 24. Ne4 Ke7 25. Qd6+ 1-0

[Event "Montreal-ch op"]
[Site "Montreal"]
[Date "2015.09.11"]
[Round "1"]
[White "Bouchard, Jean Marc"]
[Black "Yao, Sammy"]
[Result "1/2-1/2"]
[WhiteElo "1911"]
[BlackElo "1998"]
[PlyCount "61"]
[EventDate "2015.09.11"]
[EventType "swiss"]
[EventRounds "5"]
[EventCountry "CAN"]
[SourceTitle "EXT 2016"]
[Source "ChessBase"]
[SourceDate "2015.10.08"]
[SourceVersion "1"]
[SourceVersionDate "2015.10.08"]
[SourceQuality "1"]

1. d4 f5 2. f4 Nf6 3. Nf3 d6 4. e3 c6 5. c4 g6 6. Nc3 Bg7 7. Be2 Na6 8. 0-0 Rb8 9. Rb1 Bd7 10. b4 Nc7 11. a4 0-0 12. c5 Kh8 13. Bc4 Ncd5 14. Nxd5 cxd5 15. Bb3 Ne4 16. Bb2 e6 17. Rc1 a5 18. cxd6 axb4 19. Qe1 b5 20. a5 Nxd6 21. Qxb4 Nc4 22. Bxc4 bxc4 23. Qd2 Rb3 24. Ra1 Bb5 25. Bc3 Ba6 26. Rfb1 Qb8 27. Qc2 Rf7 28. Nd2 Rxb1+ 29. Rxb1 Rb7 30. Rxb7 Qxb7 31. Qb1 1/2-1/2

[Event "McGill op"]
[Site "Montreal"]
[Date "2015.05.01"]
[Round "1"]
[White "Laptos, Krzysztof"]
[Black "Bouchard, Jean Marc"]
[Result "1/2-1/2"]
[WhiteElo "2248"]
[BlackElo "1928"]
[PlyCount "128"]
[EventDate "2015.05.01"]
[EventType "swiss"]
[EventRounds "5"]
[EventCountry "CAN"]
[SourceTitle "EXT 2019"]
[Source "ChessBase"]
[SourceDate "2018.10.10"]
[SourceVersion "1"]
[SourceVersionDate "2018.10.10"]
[SourceQuality "1"]

1. e4 e6 2. d4 d5 3. exd5 exd5 4. Nf3 c6 5. Bd3 Bd6 6. 0-0 Ne7 7. c4 dxc4 8. Bxc4 0-0 9. Nc3 Nd7 10. Ne4 Nb6 11. Bd3 Bf5 12. Bg5 Bxe4 13. Bxe4 f6 14. Qb3+ Nbd5 15. Bd2 Qb6 16. Qc2 g6 17. a3 Rad8 18. Rfe1 Rfe8 19. h4 Bf4 20. h5 Bxd2 21. Qxd2 Kg7 22. Bd3 Qc7 23. g3 Qd7 24. Kg2 Nf5 25. Rh1 Rh8 26. Rae1 Nde7 27. Bc4 Nd5 28. Bd3 Nde7 29. Re4 Nd6 30. Re2 Nd5 31. hxg6 hxg6 32. Ree1 Rde8 33. Rxe8 Qxe8 34. Rxh8 Qxh8 35. Qc2 Qe8 36. Qc5 Qb8 37. Nh4 Ne7 38. Qc2 Qe8 39. Qe2 Qf7 40. Kg1 a6 41. Qg4 f5 42. Qf4 Qf6 43. Nf3 Nd5 44. Qd2 Qe7 45. Ne5 Nf7 46. Nf3 Qd6 47. Qe2 Qe7 48. Ne5 Nxe5 49. dxe5 Nc7 50. Bc4 b5 51. Ba2 c5 52. f4 c4 53. Qe3 Ne6 54. Bb1 Qc5 55. Kf2 Kf7 56. Bc2 Ke7 57. g4 Qd4 58. gxf5 gxf5 59. Bxf5 Qxf4+ 60. Qxf4 Nxf4 61. Ke3 Nd5+ 62. Kd4 Nb6 63. Kc3 Nd5+ 64. Kd4 Nb6 1/2-1/2

[Event "Montreal Mercredi 01"]
[Site "Montreal"]
[Date "2015.01.21"]
[Round "3"]
[White "Ouellet, Maili Jade"]
[Black "Bouchard, Jean Marc"]
[Result "1/2-1/2"]
[WhiteElo "1994"]
[BlackElo "1962"]
[PlyCount "108"]
[EventDate "2015.01.07"]
[EventType "swiss"]
[EventRounds "5"]
[EventCountry "CAN"]
[SourceTitle "EXT 2022"]
[Source "ChessBase"]
[SourceDate "2021.10.06"]
[SourceVersion "1"]
[SourceVersionDate "2021.10.06"]
[SourceQuality "1"]

1. d4 e6 2. c4 d5 3. Nc3 f5 4. g3 Nf6 5. Bg2 c6 6. Nf3 Bd6 7. 0-0 0-0 8. cxd5 exd5 9. Rb1 Nbd7 10. b4 a6 11. a4 Ne4 12. Qc2 Nxc3 13. Qxc3 Nb6 14. Qb3 f4 15. b5 axb5 16. axb5 Nc4 17. Nd2 Na5 18. Qa2 Be6 19. Qb2 Qd7 20. bxc6 bxc6 21. Qc3 Bh3 22. Ra1 Bxg2 23. Kxg2 Nb7 24. Rxa8 Rxa8 25. Nf3 Ra2 26. Re1 Nd8 27. Qb3 Ra7 28. Ne5 Bxe5 29. dxe5 fxg3 30. hxg3 Rb7 31. Qd3 Nf7 32. Rh1 g6 33. Bf4 Qe6 34. Qa6 Re7 35. Qa8+ Re8 36. Qb7 c5 37. Rc1 c4 38. Rd1 Rd8 39. Qc7 d4 40. Qa7 g5 41. Bc1 Qxe5 42. Qa2 Qd5+ 43. Kg1 h6 44. Bb2 d3 45. exd3 cxd3 46. Qxd5 Rxd5 47. Kf1 Nd6 48. Ke1 Ne4 49. Bc1 Kg7 50. Be3 Kg6 51. g4 Nf6 52. f3 Re5 53. Rxd3 Nd5 54. Kf2 Nxe3 1/2-1/2

[Event "Quebec-ch Amateur"]
[Site "Montreal"]
[Date "2014.10.13"]
[Round "7"]
[White "Bouchard, Jean Marc"]
[Black "Prahov, Valentin Asenov"]
[Result "0-1"]
[WhiteElo "1957"]
[BlackElo "2269"]
[PlyCount "50"]
[EventDate "2014.10.10"]
[EventType "swiss"]
[EventRounds "7"]
[EventCountry "CAN"]
[SourceTitle "EXT 2022"]
[Source "ChessBase"]
[SourceDate "2021.10.06"]
[SourceVersion "1"]
[SourceVersionDate "2021.10.06"]
[SourceQuality "1"]

1. Nf3 Nf6 2. g3 g6 3. Bg2 d5 4. d4 Bg7 5. 0-0 0-0 6. c4 c6 7. cxd5 cxd5 8. Nc3 Nc6 9. Ne5 e6 10. Nxc6 bxc6 11. Na4 Nd7 12. Bf4 Ba6 13. Bd6 Re8 14. Nc5 Nxc5 15. Bxc5 e5 16. dxe5 Bxe5 17. Qc2 Qf6 18. Rab1 Rab8 19. b4 Rb7 20. Bf3 Bc4 21. Rfd1 h5 22. h4 g5 23. hxg5 Qxg5 24. Kg2 h4 25. Rh1 Bxg3 0-1

[Event "Quebec-ch Amateur"]
[Site "Montreal"]
[Date "2014.10.12"]
[Round "4"]
[White "Bouchard, Jean Marc"]
[Black "Abreu Cordero, Jose Leonardo"]
[Result "0-1"]
[WhiteElo "1957"]
[BlackElo "2009"]
[PlyCount "49"]
[EventDate "2014.10.10"]
[EventType "swiss"]
[EventRounds "7"]
[EventCountry "CAN"]
[SourceTitle "EXT 2022"]
[Source "ChessBase"]
[SourceDate "2021.10.06"]
[SourceVersion "1"]
[SourceVersionDate "2021.10.06"]
[SourceQuality "1"]

1. b3 d5 2. Bb2 c5 3. e3 Nf6 4. Nf3 Nc6 5. d4 cxd4 6. Nxd4 e6 7. Be2 Bd6 8. 0-0 0-0 9. c4 Nxd4 10. Qxd4 e5 11. Qh4 Be6 12. Nd2 Qe7 13. Rfd1 Rac8 14. Bd3 h6 15. cxd5 Bxd5 16. Nc4 Bb8 17. e4 Bxc4 18. Bxc4 a6 19. a4 Rfd8 20. h3 Qb4 21. Rxd8+ Rxd8 22. f3 b5 23. axb5 axb5 24. Bd5 Qd2 25. Ba3 0-1

[Event "Montreal op"]
[Site "Montreal"]
[Date "2013.09.08"]
[Round "4"]
[White "Khashper, Arkady"]
[Black "Bouchard, Jean Marc"]
[Result "1-0"]
[WhiteElo "2134"]
[BlackElo "1979"]
[PlyCount "122"]
[EventDate "2013.09.06"]
[EventType "swiss"]
[EventRounds "5"]
[EventCountry "CAN"]
[SourceTitle "EXT 2022"]
[Source "ChessBase"]
[SourceDate "2021.10.06"]
[SourceVersion "1"]
[SourceVersionDate "2021.10.06"]
[SourceQuality "1"]

1. e4 e6 2. d4 d5 3. Nc3 Nf6 4. Bg5 Be7 5. e5 Nfd7 6. Bxe7 Qxe7 7. f4 a6 8. Nf3 c5 9. Qd2 Nc6 10. dxc5 Qxc5 11. 0-0-0 b5 12. Kb1 Bb7 13. Ne2 0-0-0 14. h4 Qf2 15. h5 h6 16. Rh3 Nc5 17. Nfd4 Nxd4 18. Qxd4 Qxd4 19. Nxd4 Ne4 20. Rf3 Kd7 21. Bd3 f5 22. Kc1 Ke7 23. Rg1 Rhe8 24. g4 fxg4 25. Rxg4 Kf8 26. Rg6 Bc8 27. Rf1 Nc5 28. Be2 b4 29. Nc6 Rd7 30. Nxb4 Rf7 31. Nc6 Bd7 32. Nd4 Rb8 33. Rg3 Bb5 34. Bxb5 axb5 35. b4 Ne4 36. Rg6 Ng5 37. Kd2 Ne4+ 38. Kd3 Ra8 39. Nxe6+ Kg8 40. f5 Rxa2 41. f6 Ra3+ 42. c3 Rxc3+ 43. Kd4 Rc4+ 44. Ke3 Nxf6 45. Rfxf6 Rxf6 46. Rxg7+ Kh8 47. exf6 Re4+ 48. Kd3 Rxe6 49. Rg6 Re8 50. Kd4 Rd8 51. f7 Rf8 52. Rg8+ Rxg8 53. fxg8Q+ Kxg8 54. Kxd5 Kf7 55. Kc5 Kf6 56. Kxb5 Kg5 57. Kc5 Kxh5 58. b5 Kg4 59. b6 h5 60. b7 h4 61. b8Q h3 1-0

[Event "Quebec-ch classe U2000"]
[Site "Montreal"]
[Date "2013.01.18"]
[Round "1.14"]
[White "Bouchard, Jean Marc"]
[Black "Albarao, Daniel"]
[Result "1-0"]
[WhiteElo "1857"]
[BlackElo "1751"]
[PlyCount "67"]
[EventDate "2013.01.18"]
[EventType "swiss"]
[EventRounds "5"]
[EventCountry "CAN"]
[SourceTitle "EXT 2022"]
[Source "ChessBase"]
[SourceDate "2021.10.06"]
[SourceVersion "1"]
[SourceVersionDate "2021.10.06"]
[SourceQuality "1"]

1. Nf3 Nf6 2. g3 e6 3. Bg2 Bc5 4. d4 Bb6 5. 0-0 c5 6. c4 d6 7. Nc3 cxd4 8. Nxd4 0-0 9. Ndb5 Na6 10. Qxd6 Nd7 11. Rd1 Bc5 12. Qd2 Qe7 13. Bxb7 Bxb7 14. Qxd7 Bxf2+ 15. Kxf2 Qc5+ 16. Be3 Qf5+ 17. Bf4 Nc5 18. Qd4 Qh5 19. h4 Bc6 20. Qe5 Qg4 21. Qxc5 e5 22. Qxc6 exf4 23. Qf3 fxg3+ 24. Qxg3 Qxc4 25. Rd4 Qc5 26. Rad1 Rae8 27. b4 Qb6 28. Qd6 Qb7 29. Qc7 Qa8 30. Qxa7 Qc6 31. Rd6 Qc8 32. Qd4 f5 33. Rd7 Rf6 34. Rd8 1-0